More to your story : (Record no. 40766)
[ view plain ]
| 000 -LEADER | |
|---|---|
| fixed length control field | 01047cam a2200289Ii 4500 |
| 001 - CONTROL NUMBER | |
| control field | 881308 |
| 005 - DATE AND TIME OF LATEST TRANSACTION | |
| control field | 20171025114851.0 |
| 008 - FIXED-LENGTH DATA ELEMENTS--GENERAL INFORMATION | |
| fixed length control field | 151122r20162011tnu 000 0 eng d |
| 020 ## - INTERNATIONAL STANDARD BOOK NUMBER | |
| International Standard Book Number | 9780718031336 |
| 020 ## - INTERNATIONAL STANDARD BOOK NUMBER | |
| International Standard Book Number | 0718031334 |
| 035 ## - SYSTEM CONTROL NUMBER | |
| System control number | (OCoLC)ocn930256935 |
| 040 ## - CATALOGING SOURCE | |
| Original cataloging agency | BTCTA |
| Language of cataloging | eng |
| Transcribing agency | BTCTA |
| Modifying agency | BDX |
| -- | YDXCP |
| -- | OCLCQ |
| -- | NYP |
| -- | OCLCF |
| -- | HQC |
| -- | PTS |
| 100 1# - MAIN ENTRY--PERSONAL NAME | |
| Personal name | Lucado, Max, |
| Relator term | author. |
| 240 10 - UNIFORM TITLE | |
| Uniform title | <a href="God's story, your story">God's story, your story</a> |
| 245 10 - TITLE STATEMENT | |
| Title | More to your story : |
| Remainder of title | discover your place in God's plan / |
| Statement of responsibility, etc | Max Lucado. |
| 264 #1 - PRODUCTION, PUBLICATION, DISTRIBUTION, MANUFACTURE STATEMENTS | |
| Place of production, publication, distribution, manufacture | Nashville, TN : |
| Name of producer, publisher, distributor, manufacturer | <a href="Thomas Nelson,">Thomas Nelson,</a> |
| Date of production, publication, distribution, manufacture | 2016. |
| 300 ## - PHYSICAL DESCRIPTION | |
| Extent | 252 pages ; |
| Dimensions | 23 cm + |
| Accompanying material | 1 digital video disc (4 3/4 in.) |
| 336 ## - CONTENT TYPE | |
| Content Type Term | text |
| Content Type Code | txt |
| Source | rdacontent |
| Materials Specified | book |
| 336 ## - CONTENT TYPE | |
| Content Type Term | two-dimensional moving image |
| Content Type Code | tdi |
| Source | rdacontent |
| Materials Specified | videodisc |
| 337 ## - MEDIA TYPE | |
| Media Type Term | unmediated |
| Media Type Code | n |
| Source | rdamedia |
| Materials Specified | book |
| 337 ## - MEDIA TYPE | |
| Media Type Term | video |
| Media Type Code | v |
| Source | rdamedia |
| Materials Specified | videodisc |
| 338 ## - CARRIER TYPE | |
| Carrier Type Term | volume |
| Carrier Type Code | nc |
| Source | rdacarrier |
| Materials Specified | book |
| 338 ## - CARRIER TYPE | |
| Carrier Type Term | videodisc |
| Carrier Type Code | vd |
| Source | rdacarrier |
| Materials Specified | videodisc |
| 500 ## - GENERAL NOTE | |
| General note | Originally published: God's story, your story, 2011. |
| 650 #0 - SUBJECT ADDED ENTRY--TOPICAL TERM | |
| Topical term or geographic name as entry element | Christian life. |
| 942 ## - ADDED ENTRY ELEMENTS (KOHA) | |
| Source of classification or shelving scheme | Library of Congress Classification |
| Item type | Books |
| Withdrawn status | Lost status | Source of classification or shelving scheme | Damaged status | Not for loan | Home library | Current library | Shelving location | Date acquired | Source of acquisition | Cost, normal purchase price | Inventory number | Total Checkouts | Full call number | Barcode | Date last seen | Price effective from | Koha item type |
|---|---|---|---|---|---|---|---|---|---|---|---|---|---|---|---|---|---|
| Library of Congress Classification | BSOP Library | BSOP Library | GC | 10/25/2017 | Amazon | 624.50 | 39386 | BV4501.3 L96g 2011 | 00049386 | 10/25/2017 | 10/25/2017 | Books |
